[Event "Florianopolis op 9th"]
[Site "Florianopolis"]
[Date "2023.01.23"]
[Round "1"]
[White "De Souza, Samuel de Deus"]
[Black "Dos Santos, Dwlyan Silva"]
[Result "0-1"]
[WhiteElo "1800"]
[BlackElo "1810"]
[PlyCount "54"]
[EventDate "2023.01.23"]
[EventType "swiss"]
[EventRounds "10"]
[EventCountry "BRA"]
[SourceTitle "CBM 212 Extra"]
[Source "ChessBase"]
[SourceDate "2023.03.31"]
[SourceVersion "1"]
[SourceVersionDate "2023.03.31"]
[SourceQuality "1"]

1. e4 c5 2. Nf3 e6 3. d4 cxd4 4. Nxd4 a6 5. Nc3 Qc7 6. f4 Bb4 7. Qf3 Nc6 8. Nxc6 bxc6 9. Bd2 d5 10. a3 dxe4 11. Qxe4 Be7 12. 0-0-0 Nf6 13. Qf3 Bb7 14. g4 c5 15. Qg3 Bxh1 16. Bd3 Bc6 17. Qh3 Nd5 18. Nxd5 Bxd5 19. Rg1 c4 20. Be2 Rb8 21. Bc3 Bf6 22. Bxf6 gxf6 23. f5 Qb6 24. Rd1 Qxb2+ 25. Kd2 Rb3 26. Qf1 Qc3+ 27. Kc1 Rxa3 0-1

[Event "Florianopolis op 8th"]
[Site "Florianopolis"]
[Date "2022.01.28"]
[Round "7"]
[White "Dos Santos, Dwlyan Silva"]
[Black "Japiassu, Glauco Antonio Beze"]
[Result "1-0"]
[WhiteElo "1808"]
[BlackElo "1544"]
[PlyCount "20"]
[EventDate "2022.01.24"]
[EventType "swiss"]
[EventRounds "10"]
[EventCountry "BRA"]
[SourceTitle "EXT 2023"]
[Source "ChessBase"]
[SourceDate "2022.10.05"]
[SourceVersion "1"]
[SourceVersionDate "2022.10.05"]
[SourceQuality "1"]

1. e4 e6 2. d4 d5 3. e5 c5 4. c3 Nc6 5. Nf3 Qa5 6. Nbd2 cxd4 7. Nb3 Qb6 8. Nbxd4 Nxd4 9. cxd4 Ne7 10. Bd3 Nc6 1-0

[Event "Mancini CXSSP U2200"]
[Site "Mancini"]
[Date "2019.03.31"]
[Round "5.2"]
[White "Dos Santos, Dwlyan Silva"]
[Black "Monteiro, Daniel Zotelli"]
[Result "1/2-1/2"]
[WhiteElo "1850"]
[BlackElo "1604"]
[PlyCount "69"]
[EventDate "2019.03.29"]
[EventType "swiss"]
[EventRounds "5"]
[EventCountry "BRA"]
[SourceTitle "EXT 2022"]
[Source "ChessBase"]
[SourceDate "2021.10.06"]
[SourceVersion "1"]
[SourceVersionDate "2021.10.06"]
[SourceQuality "1"]

1. e4 e5 2. Nf3 Nc6 3. Bc4 Bc5 4. d3 a6 5. a4 d6 6. c3 a5 7. h3 Nf6 8. 0-0 0-0 9. Nbd2 Re8 10. Re1 Be6 11. Bb3 Rb8 12. Bc2 h6 13. Nf1 Kh7 14. Be3 Bxe3 15. Rxe3 Nh5 16. Ng3 Nf4 17. Ne2 g5 18. Nxf4 gxf4 19. Re1 Rg8 20. d4 Bd7 21. dxe5 dxe5 22. Qd5 Be6 23. Qxd8 Rbxd8 24. Rad1 Kg6 25. Rxd8 Rxd8 26. Rd1 Rxd1+ 27. Bxd1 Nb8 28. Nd2 Nd7 29. Kf1 Nb6 30. b3 Kf6 31. Bg4 Bxg4 32. hxg4 Kg6 33. Nf3 c5 34. c4 Nd7 35. Nd2 1/2-1/2